000 nam a22 a 4500
999 _c884
_d884
003 AKMAL
005 20170505162518.0
008 980918s1997 myw 00 may
020 _a9679752704 (kkt.):
_cRM 10.00
040 _aAKMAL
082 0 4 _a297.1229 AHM
090 0 0 _a297.1229
_bAHM
100 0 _aAhmad Sonhadji Mohamad,
_d1922-
_91812
245 1 0 _aIman teras kehidupan Muslim :
_btafsiran al-Quran juz 30 /
_cAhmad Sonhadji Mohamad
260 _aKuala Lumpur :
_bPustaka Salam,
_c1997
300 0 0 _a260ms. ;
_c22cm
500 _aMengandungi ayat-ayat dari Quran
650 0 _aQur'an
_xCriticism, interpretation, etc.
_91730
650 0 _aFaith (Islam)
_91640
740 0 2 _aTafsiran al-Quran juz tiga puluh
942 _2ddc
_cBOOK